Catálogo

LA DIALECTICA COMO SISTEMA (Registro nro. 43597)

Detalles MARC
000 -LEADER
fixed length control field 01049nam a2200205 a 4500
001 - CONTROL NUMBER
control field 43597
005 - DATE AND TIME OF LATEST TRANSACTION
control field 20180714022155.0
008 - FIXED-LENGTH DATA ELEMENTS--GENERAL INFORMATION
fixed length control field 140415s1980 mx 000 0 spa d
020 ## - INTERNATIONAL STANDARD BOOK NUMBER
International Standard Book Number 9684270666
041 ## - LANGUAGE CODE
Language code of text/sound track or separate title spa
082 ## - DEWEY DECIMAL CLASSIFICATION NUMBER
Classification number 335.412
Item number ORU
100 1# - MAIN ENTRY--PERSONAL NAME
Personal name ORUDZHEV, Z. M.
245 13 - TITLE STATEMENT
Title LA DIALECTICA COMO SISTEMA
250 ## - EDITION STATEMENT
Edition statement 1a ed.
260 ## - PUBLICATION, DISTRIBUTION, ETC.
Place of publication, distribution, etc. MEXICO :
Name of publisher, distributor, etc. NUESTRO TIEMPO,
Date of publication, distribution, etc. 1980
300 ## - PHYSICAL DESCRIPTION
Extent 277
Dimensions x 11.2 x 18.2
490 ## - SERIES STATEMENT
Series statement CUESTIONES FILOSOFICAS
520 ## - SUMMARY, ETC.
Summary, etc. LA CIENCIA Y LA PRÁCTICA- OBSERVA EL AUTOR EN EL PREFACIO- PLANTEAN ANTE LOS FILÓSOFOS UNA TAREA DE GRAN DIFICULTAD Y COMPLEJIDAD. EN LA ACTUALIDAD YA NO ES SUFICIENTE LIMITAR EL ANÁLISIS A PROBLEMAS AISLADOS, A LEYES Y CATEGORÍAS AISLADAS DE LA DIALÉCTICA. EN EL PRESENTE, HA MADURADO AGUDAMENTE LA NECESIDAD DE DESARROLLAR LA TEORÍA DE LA DIALÉCTICA MATERIALISTA EN TODA SU INTEGRIDAD, ELABORAR UN SISTEMA LÓGICO, ARMONIOSO, DE CATEGORÍAS Y LEYES DE LA DIALÉCTICA, TANTO INTERNA CONO ORG
650 14 - SUBJECT ADDED ENTRY--TOPICAL TERM
Topical term or geographic name entry element DIALECTICA
General subdivision MARXISMO
-- MATERIALISMO HISTORICO
Existencias
Withdrawn status Lost status Source of classification or shelving scheme Damaged status Not for loan Collection code Home library Current library Shelving location Date acquired Source of acquisition Inventory number Total Checkouts Full call number Barcode Date last seen Date last checked out Price effective from Koha item type
    Dewey Decimal Classification     General Biblioteca Karol Wojtyla Biblioteca Karol Wojtyla Sala general 03/12/2013 Compra 151000000000000000052429   335.412 ORU 65598 05/01/2026 03/11/2014 03/12/2013 Libro